[Event "NATO-ch 34th"]
[Site "Rhodes"]
[Date "2024.10.25"]
[Round "7"]
[White "Duren, Andrew"]
[Black "Tocco, Paolo"]
[Result "1/2-1/2"]
[WhiteElo "2015"]
[BlackElo "2010"]
[PlyCount "120"]
[EventDate "2024.10.21"]
[EventType "swiss"]
[EventRounds "7"]
[EventCountry "GRE"]
[SourceTitle "CB44_2024"]
[Source "Chessbase"]
[SourceDate "2024.10.30"]
[SourceVersion "1"]
[SourceVersionDate "2024.10.30"]
[SourceQuality "1"]

1. d4 d5 2. Bf4 h5 3. e3 e5 4. Bxe5 f6 5. Be2 fxe5 6. Bxh5+ Ke7 7. dxe5 Nd7 8. f4 c6 9. Be2 Qb6 10. Qd4 Kd8 11. Qxb6+ axb6 12. Nf3 Nh6 13. Nbd2 Kc7 14. Nd4 Nc5 15. a3 Nf5 16. Kf2 Be7 17. g4 Nxd4 18. exd4 Ne6 19. Ke3 Rh3+ 20. Nf3 Bd7 21. c3 Rf8 22. Bf1 Rxf3+ 23. Kxf3 Rxf4+ 24. Kg3 Re4 25. h3 Nf4 26. Rh2 Ng6 27. Re2 Bh4+ 28. Kh2 Rf4 29. Bg2 Rf8 30. Rf1 Nf4 31. Re3 Be6 32. Ref3 g5 33. Rd1 Ra8 34. Bf1 b5 35. Bd3 Rf8 36. Kg1 Kd7 37. b3 Ke7 38. a4 bxa4 39. bxa4 Ra8 40. Rb1 Ra7 41. Bf5 Bd7 42. Kf1 Kd8 43. Re3 Rxa4 44. e6 Be8 45. Rxb7 Ra1+ 46. Rb1 Rxb1+ 47. Bxb1 Ke7 48. Bf5 Ng6 49. Ke2 Nf4+ 50. Kf1 Ng6 51. Kg2 Nf4+ 52. Kg1 Ng6 53. Kg2 Nf4+ 54. Kf1 Ng6 55. Ke2 Nf4+ 56. Kd2 Ng2 57. Re2 Nf4 58. Re3 Ng2 59. Re2 Nf4 60. Re3 Ng2 1/2-1/2

[Event "NATO-ch 34th"]
[Site "Rhodes"]
[Date "2024.10.22"]
[Round "3"]
[White "Duren, Andrew"]
[Black "Ivbulis, Martins"]
[Result "1/2-1/2"]
[WhiteElo "2015"]
[BlackElo "1891"]
[PlyCount "72"]
[EventDate "2024.10.21"]
[EventType "swiss"]
[EventRounds "7"]
[EventCountry "GRE"]
[SourceTitle "CB44_2024"]
[Source "Chessbase"]
[SourceDate "2024.10.30"]
[SourceVersion "1"]
[SourceVersionDate "2024.10.30"]
[SourceQuality "1"]

1. d4 d5 2. Bf4 e6 3. e3 Bd6 4. Bg3 Nf6 5. Nd2 0-0 6. Bd3 b6 7. Ngf3 Ba6 8. Bxa6 Nxa6 9. c3 Nb8 10. Ne5 c5 11. 0-0 Qc7 12. f4 Nc6 13. Qf3 Ne7 14. Bf2 Rad8 15. a4 Ne8 16. Qh3 Qc8 17. Kh1 f6 18. Nef3 Nc6 19. g4 e5 20. dxe5 fxe5 21. f5 Be7 22. Bh4 Bxh4 23. Qxh4 Rd6 24. Qg3 h5 25. Nxe5 Nxe5 26. Qxe5 hxg4 27. Rf4 Qc6 28. Rxg4 Nf6 29. Rg2 Re8 30. Qf4 Nh5 31. Qf3 Rh6 32. Rag1 Re5 33. Rg5 Qe8 34. Nf1 Kh8 35. R1g4 Nf6 36. Rg2 Nh5 1/2-1/2

[Event "NATO-ch 34th"]
[Site "Rhodes"]
[Date "2024.10.22"]
[Round "2"]
[White "Helbig, Mark"]
[Black "Duren, Andrew"]
[Result "1-0"]
[WhiteElo "2280"]
[BlackElo "2015"]
[PlyCount "119"]
[EventDate "2024.10.21"]
[EventType "swiss"]
[EventRounds "7"]
[EventCountry "GRE"]
[SourceTitle "CB44_2024"]
[Source "Chessbase"]
[SourceDate "2024.10.30"]
[SourceVersion "1"]
[SourceVersionDate "2024.10.30"]
[SourceQuality "1"]

1. d4 d5 2. c4 c6 3. Nf3 Nf6 4. Nc3 dxc4 5. a4 Bf5 6. Ne5 Na6 7. f3 Nd7 8. Nxd7 Qxd7 9. e4 Bg6 10. Bxc4 Nb4 11. Be3 e6 12. a5 Be7 13. Qb3 0-0 14. 0-0 b5 15. axb6 axb6 16. Rac1 b5 17. Be2 f5 18. Rfd1 Bf7 19. e5 Rfc8 20. f4 Kf8 21. h3 Nd5 22. Nxd5 Qxd5 23. Qxd5 cxd5 24. Rxc8+ Rxc8 25. Ra1 Be8 26. Bd3 b4 27. Kf2 Rb8 28. g4 g6 29. Ra5 Bd8 30. Ra6 Rb6 31. Ra8 Ke7 32. Ra7+ Bd7 33. g5 Ke8 34. Ke2 Be7 35. Bd2 Bb5 36. Ra8+ Kf7 37. Ra7 Ke8 38. Bxb5+ Rxb5 39. Kd3 Rb8 40. Kc2 Rc8+ 41. Kd3 Rb8 42. Ra4 Rb7 43. Kc2 b3+ 44. Kd3 Kf7 45. Ra8 Bf8 46. Ra4 Be7 47. Ba5 Ra7 48. Kc3 Bd8 49. Kb4 Rb7+ 50. Ka3 Be7+ 51. Bb4 Rxb4 52. Rxb4 Ke8 53. Kxb3 Bxb4 54. Kxb4 Kd7 55. Kb5 Kc7 56. Ka6 Kc8 57. Kb6 Kd7 58. Kb7 Kd8 59. Kc6 Ke7 60. Kc7 1-0

[Event "Davos Summer op 21st"]
[Site "Davos"]
[Date "2022.08.07"]
[Round "4"]
[White "Borsos, Bogdan"]
[Black "Duren, Andrew"]
[Result "1/2-1/2"]
[WhiteElo "2170"]
[BlackElo "2012"]
[PlyCount "78"]
[EventDate "2022.08.05"]
[EventType "swiss"]
[EventRounds "5"]
[EventCountry "SUI"]
[SourceTitle "CBM 209 Extra"]
[Source "ChessBase"]
[SourceDate "2022.09.30"]
[SourceVersion "1"]
[SourceVersionDate "2022.09.30"]
[SourceQuality "1"]

1. Nf3 Nf6 2. g3 g6 3. Bg2 Bg7 4. d4 0-0 5. c4 d6 6. 0-0 c6 7. Nc3 Bf5 8. Re1 Ne4 9. Ng5 Nxc3 10. bxc3 Qa5 11. e4 Bc8 12. Qb3 Nd7 13. Be3 c5 14. Nf3 Qc7 15. a4 a5 16. Rab1 b6 17. Nd2 Ba6 18. e5 Rab8 19. f4 Rfc8 20. exd6 Qxd6 21. Ne4 Qc7 22. d5 f5 23. Ng5 Nf8 24. Bf2 Rd8 25. Ne6 Nxe6 26. Rxe6 Rd6 27. Rbe1 Bf6 28. h3 Rbd8 29. R6e2 Bc8 30. Bf3 h5 31. Kg2 Kf7 32. h4 Re8 33. Re5 Bd7 34. Qd1 e6 35. R5e3 exd5 36. cxd5 Re7 37. c4 Qd8 38. Qb1 Qe8 39. Bd1 Qf8 1/2-1/2

[Event "Davos Summer op 21st"]
[Site "Davos"]
[Date "2022.08.06"]
[Round "3"]
[White "Duren, Andrew"]
[Black "Habibi, Ali"]
[Result "1/2-1/2"]
[WhiteElo "2012"]
[BlackElo "2188"]
[PlyCount "67"]
[EventDate "2022.08.05"]
[EventType "swiss"]
[EventRounds "5"]
[EventCountry "SUI"]
[SourceTitle "CBM 209 Extra"]
[Source "ChessBase"]
[SourceDate "2022.09.30"]
[SourceVersion "1"]
[SourceVersionDate "2022.09.30"]
[SourceQuality "1"]

1. d4 c5 2. d5 Nf6 3. Nc3 d6 4. e4 g6 5. Bb5+ Bd7 6. a4 Bg7 7. Nf3 0-0 8. 0-0 Na6 9. Bxa6 bxa6 10. Qe2 a5 11. Bd2 Rb8 12. b3 Ne8 13. h3 Qb6 14. Rfe1 Nc7 15. e5 Rfe8 16. Qc4 Qb4 17. Nb5 Bxb5 18. axb5 Qxb5 19. Bxa5 Qxc4 20. bxc4 Na8 21. Rab1 dxe5 22. Rxb8 Rxb8 23. Nxe5 Bxe5 24. Rxe5 Kf8 25. Re3 Nb6 26. Rb3 Ke8 27. Bxb6 axb6 28. Kf1 Kd7 29. Ke2 e6 30. Ra3 Rb7 31. Ra8 exd5 32. cxd5 b5 33. Ra6 h5 34. Kd3 1/2-1/2

[Event "Davos Summer op 21st"]
[Site "Davos"]
[Date "2022.08.05"]
[Round "1"]
[White "Duren, Andrew"]
[Black "Bonanomi, Silvan"]
[Result "1-0"]
[WhiteElo "2012"]
[BlackElo "1419"]
[PlyCount "79"]
[EventDate "2022.08.05"]
[EventType "swiss"]
[EventRounds "5"]
[EventCountry "SUI"]
[SourceTitle "CBM 209 Extra"]
[Source "ChessBase"]
[SourceDate "2022.09.30"]
[SourceVersion "1"]
[SourceVersionDate "2022.09.30"]
[SourceQuality "1"]

1. d4 Nf6 2. Bf4 c5 3. e3 cxd4 4. exd4 d5 5. c3 Bf5 6. Nd2 e6 7. Qb3 Qd7 8. Bxb8 a6 9. Bg3 Bd6 10. Be2 0-0 11. Ngf3 Rfc8 12. 0-0 Bxg3 13. hxg3 b5 14. Ne5 Qd6 15. g4 Bg6 16. Nxg6 hxg6 17. f4 Rab8 18. a3 Rc6 19. g5 Nh5 20. Bxh5 gxh5 21. Qb4 f6 22. Qxd6 Rxd6 23. gxf6 gxf6 24. Nb3 Kf7 25. Rf3 Rg8 26. Re1 Rg4 27. f5 exf5 28. Rxf5 h4 29. Kh2 Rd8 30. Ref1 Rg6 31. Nc5 Rdg8 32. R1f2 Rh6 33. Rxd5 Rg3 34. Rd7+ Ke8 35. Rd6 Ke7 36. Re6+ Kf7 37. Rfxf6+ Rxf6 38. Rxf6+ Kxf6 39. Ne4+ Kf5 40. Nxg3+ 1-0

[Event "NATO-ch 32nd"]
[Site "Tartu"]
[Date "2022.06.30"]
[Round "6"]
[White "Duren, Andrew"]
[Black "Tikerpuu, Mati"]
[Result "1-0"]
[WhiteElo "1997"]
[BlackElo "1819"]
[PlyCount "163"]
[EventDate "2022.06.27"]
[EventType "swiss"]
[EventRounds "7"]
[EventCountry "EST"]
[SourceTitle "CBM 209 Extra"]
[Source "ChessBase"]
[SourceDate "2022.09.30"]
[SourceVersion "1"]
[SourceVersionDate "2022.09.30"]
[SourceQuality "1"]

1. d4 b6 2. Bf4 e6 3. e3 Bb7 4. Nf3 Nf6 5. Nbd2 Be7 6. h3 0-0 7. Bd3 c5 8. 0-0 d5 9. c3 Nc6 10. Ne5 Nxe5 11. dxe5 Ne4 12. Bxe4 dxe4 13. Qc2 Qd3 14. Qxd3 exd3 15. c4 Rfd8 16. Rfd1 a6 17. a4 Bc6 18. f3 b5 19. axb5 axb5 20. b3 b4 21. e4 h6 22. Rxa8 Rxa8 23. Nf1 Ra3 24. Rxd3 Ba4 25. Nd2 Kf8 26. Be3 Ke8 27. Kf1 Bd7 28. Ke2 Kd8 29. h4 Kc7 30. h5 Bc6 31. g4 Kb6 32. Nb1 Ra1 33. Rd1 Ra2+ 34. Nd2 Ra3 35. f4 Ra2 36. Kd3 Bh4 37. Rh1 Bd8 38. g5 Ra7 39. Rg1 Rd7+ 40. Kc2 hxg5 41. fxg5 Bc7 42. Bf4 g6 43. h6 Rd8 44. Rf1 Rh8 45. Kd3 Rd8+ 46. Ke3 Rh8 47. Bg3 Be8 48. Nf3 Bc6 49. Nh2 Rh7 50. Ng4 Bd8 51. Nf6 Rh8 52. Kf4 Bc7 53. Bf2 Bd8 54. Rd1 Bxf6 55. exf6 e5+ 56. Kf3 Rf8 57. Bg3 Re8 58. h7 Rh8 59. Rh1 Bd7 60. Bxe5 Be6 61. Bd6 Kc6 62. Bf8 Rxf8 63. h8Q Rxh8 64. Rxh8 Kd7 65. Ra8 Kc7 66. Ra7+ Kd6 67. Kf4 Kc6 68. Re7 Bxc4 69. bxc4 b3 70. Re8 Kb7 71. Rh8 b2 72. Rh1 Kc6 73. e5 Kd7 74. Rd1+ Kc7 75. e6 b1Q 76. Rxb1 Kd8 77. e7+ Kd7 78. Rd1+ Kc7 79. e8Q Kb7 80. Qb5+ Kc7 81. Rd7+ Kc8 82. Qb7# 1-0

[Event "NATO-ch 31st"]
[Site "Blankenberge"]
[Date "2021.10.15"]
[Round "7.13"]
[White "Duren, Andrew"]
[Black "Jauk, Wilhelm"]
[Result "1/2-1/2"]
[WhiteElo "1962"]
[BlackElo "2169"]
[PlyCount "26"]
[EventDate "2021.10.11"]
[EventType "team-swiss"]
[EventRounds "7"]
[EventCountry "BEL"]
[SourceTitle "CBM 204 Extra"]
[Source "ChessBase"]
[SourceDate "2021.11.30"]
[SourceVersion "1"]
[SourceVersionDate "2021.11.30"]
[SourceQuality "1"]
[WhiteTeam "United States"]
[BlackTeam "NATO"]
[WhiteTeamCountry "USA"]

1. d4 d5 2. Bf4 c6 3. e3 Qb6 4. b3 Bf5 5. Nf3 e6 6. Bd3 Bxd3 7. Qxd3 Nd7 8. 0-0 Ngf6 9. h3 Be7 10. c4 c5 11. Nc3 0-0 12. cxd5 exd5 13. Ne5 Rfd8 1/2-1/2

[Event "NATO-ch 29th"]
[Site "Lubbock"]
[Date "2018.06.08"]
[Round "7"]
[White "Duren, Andrew"]
[Black "Cheung, Jan W"]
[Result "1/2-1/2"]
[WhiteElo "1982"]
[BlackElo "2043"]
[PlyCount "85"]
[EventDate "2018.06.04"]
[EventType "swiss"]
[EventRounds "7"]
[EventCountry "USA"]
[SourceTitle "EXT 2019"]
[Source "ChessBase"]
[SourceDate "2018.10.10"]
[SourceVersion "1"]
[SourceVersionDate "2018.10.10"]
[SourceQuality "1"]

1. e4 c5 2. c3 d5 3. exd5 Qxd5 4. d4 g6 5. Nf3 Bg7 6. Na3 cxd4 7. Nb5 Na6 8. Nbxd4 Nf6 9. Bb5+ Bd7 10. Bxd7+ Nxd7 11. 0-0 0-0 12. Be3 Rfd8 13. Qe2 e5 14. Nb5 e4 15. Nd2 Ndc5 16. Qc4 Qxc4 17. Nxc4 b6 18. Rad1 Rd3 19. f3 exf3 20. gxf3 Re8 21. Kf2 Be5 22. Nxe5 Rxe5 23. Bd4 Re7 24. b4 Rxd1 25. Rxd1 Ne6 26. Bf6 Rb7 27. Rd6 Nb8 28. Nd4 Rd7 29. Be5 Nxd4 30. Rxd4 Rxd4 31. cxd4 Nc6 32. b5 Nxe5 33. dxe5 Kf8 34. Ke3 Ke7 35. h4 Ke6 36. Ke4 h6 37. f4 f6 38. exf6 Kxf6 39. Ke3 Kf5 40. Kf3 Kf6 41. Ke3 Kf5 42. Kf3 Kf6 43. Ke3 1/2-1/2

[Event "NATO-ch 29th"]
[Site "Lubbock"]
[Date "2018.06.07"]
[Round "6"]
[White "Nilsson, Erik"]
[Black "Duren, Andrew"]
[Result "1/2-1/2"]
[WhiteElo "2071"]
[BlackElo "1982"]
[PlyCount "61"]
[EventDate "2018.06.04"]
[EventType "swiss"]
[EventRounds "7"]
[EventCountry "USA"]
[SourceTitle "EXT 2019"]
[Source "ChessBase"]
[SourceDate "2018.10.10"]
[SourceVersion "1"]
[SourceVersionDate "2018.10.10"]
[SourceQuality "1"]

1. d4 Nf6 2. c4 g6 3. Nc3 Bg7 4. e4 d6 5. f3 0-0 6. Bg5 c5 7. d5 e6 8. Nge2 exd5 9. cxd5 a6 10. a4 Nbd7 11. Ng3 h6 12. Be3 Rb8 13. Be2 Qc7 14. Qd2 Kh7 15. 0-0 b6 16. Rfc1 Ne5 17. Rab1 g5 18. Kh1 c4 19. b4 b5 20. a5 Ng6 21. Rc2 Qe7 22. Bf1 Re8 23. Re1 Bh8 24. Nge2 Nd7 25. Nd4 Qf6 26. Qf2 Nde5 27. g3 Bd7 28. Rd1 Rec8 29. Kg2 Rg8 30. Kh1 Rbc8 31. Be2 1/2-1/2

[Event "NATO-ch 29th"]
[Site "Lubbock"]
[Date "2018.06.05"]
[Round "2"]
[White "Duren, Andrew"]
[Black "Ross, David C"]
[Result "1-0"]
[WhiteElo "1982"]
[BlackElo "1633"]
[PlyCount "47"]
[EventDate "2018.06.04"]
[EventType "swiss"]
[EventRounds "7"]
[EventCountry "USA"]
[SourceTitle "EXT 2019"]
[Source "ChessBase"]
[SourceDate "2018.10.10"]
[SourceVersion "1"]
[SourceVersionDate "2018.10.10"]
[SourceQuality "1"]

1. e4 e5 2. Nf3 Nc6 3. d4 exd4 4. Bc4 Nf6 5. e5 d5 6. Bb5 Ne4 7. Nxd4 Bd7 8. Bxc6 bxc6 9. 0-0 Bc5 10. f3 Ng5 11. Be3 Bb6 12. f4 Ne4 13. Nd2 f5 14. Nxe4 dxe4 15. Qe2 Qe7 16. Qc4 c5 17. Nb3 a6 18. Qd5 Rd8 19. Rfd1 c4 20. Bxb6 cxb6 21. Qxc4 Bb5 22. Rxd8+ Kxd8 23. Rd1+ Ke8 24. Qc8+ 1-0

[Event "NATO-ch 29th"]
[Site "Lubbock"]
[Date "2018.06.05"]
[Round "3"]
[White "Everett, Elijah David"]
[Black "Duren, Andrew"]
[Result "1-0"]
[WhiteElo "2217"]
[BlackElo "1982"]
[PlyCount "67"]
[EventDate "2018.06.04"]
[EventType "swiss"]
[EventRounds "7"]
[EventCountry "USA"]
[SourceTitle "EXT 2019"]
[Source "ChessBase"]
[SourceDate "2018.10.10"]
[SourceVersion "1"]
[SourceVersionDate "2018.10.10"]
[SourceQuality "1"]

1. e4 c5 2. Nf3 g6 3. c4 Nc6 4. d4 cxd4 5. Nxd4 Nf6 6. Nc3 Bg7 7. Be3 0-0 8. Be2 d6 9. 0-0 Nxd4 10. Bxd4 a6 11. f3 Be6 12. Qd2 Qa5 13. b4 Qxb4 14. Rab1 Qa5 15. Rxb7 Rfc8 16. Rd1 Kf8 17. Rxe7 Bxc4 18. Rb7 Bxe2 19. Nxe2 Qxd2 20. Rxd2 Rc6 21. Bb2 Rac8 22. Nd4 Rc4 23. Rb6 Ra4 24. a3 Ne8 25. Kf2 Rcc4 26. Nc2 Bc3 27. Bxc3 Rxc3 28. Rb4 Rcxa3 29. Rb8 Ra2 30. Ke3 Rc4 31. Nb4 Ra5 32. Nd5 Rac5 33. Nb6 Rb5 34. Rxe8+ 1-0

[Event "NATO-ch 28th"]
[Site "Budapest"]
[Date "2017.03.30"]
[Round "5"]
[White "Duren, Andrew"]
[Black "Sauer, Marko"]
[Result "1-0"]
[WhiteElo "1950"]
[BlackElo "2107"]
[PlyCount "103"]
[EventDate "2017.03.27"]
[EventType "swiss"]
[EventRounds "7"]
[EventCountry "HUN"]
[SourceTitle "CBM 177 Extra"]
[Source "ChessBase"]
[SourceDate "2017.04.27"]
[SourceVersion "1"]
[SourceVersionDate "2017.04.27"]
[SourceQuality "1"]

1. e4 c5 2. c3 d5 3. exd5 Qxd5 4. d4 Nc6 5. dxc5 Qxd1+ 6. Kxd1 Bg4+ 7. f3 0-0-0+ 8. Ke1 Bh5 9. Be3 Nf6 10. Na3 e5 11. Nc4 Nd5 12. Bf2 e4 13. Rd1 exf3 14. Nxf3 Re8+ 15. Kd2 Nf6 16. Bd3 Ne4+ 17. Bxe4 Rxe4 18. b3 Be7 19. Rde1 f5 20. Kc2 Rd8 21. Ncd2 Rg4 22. Rhg1 Rg6 23. b4 Bf8 24. Bh4 Rg4 25. Bxd8 Kxd8 26. h3 Nxb4+ 27. cxb4 Rxb4 28. Nb3 Ra4 29. Kb1 f4 30. Rd1+ Kc7 31. Rd4 Ra6 32. Rgd1 Bg6+ 33. Kb2 Bf5 34. Rxf4 g6 35. g4 Bg7+ 36. Nfd4 Be6 37. Re1 Kd7 38. Kb1 Bc4 39. c6+ bxc6 40. Nc5+ Kd6 41. Nxa6 Bd3+ 42. Nc2 Bxa6 43. Rf7 Bc3 44. Re3 Bd2 45. Ra3 Bc4 46. Raxa7 Bxf7 47. Rxf7 h5 48. Rf6+ Kd5 49. Rxg6 hxg4 50. Rxg4 c5 51. a4 Ke5 52. Kb2 1-0

[Event "NATO-ch 28th"]
[Site "Budapest"]
[Date "2017.03.27"]
[Round "1"]
[White "Pavlidis, Anastasios"]
[Black "Duren, Andrew"]
[Result "1-0"]
[WhiteElo "2380"]
[BlackElo "1950"]
[PlyCount "91"]
[EventDate "2017.03.27"]
[EventType "swiss"]
[EventRounds "7"]
[EventCountry "HUN"]
[SourceTitle "CBM 177 Extra"]
[Source "ChessBase"]
[SourceDate "2017.04.27"]
[SourceVersion "1"]
[SourceVersionDate "2017.04.27"]
[SourceQuality "1"]

1. d4 Nf6 2. c4 g6 3. Nc3 Bg7 4. e4 d6 5. Be2 0-0 6. Bg5 h6 7. Be3 c5 8. d5 e6 9. Nf3 exd5 10. exd5 Bf5 11. 0-0 Ne4 12. Nxe4 Bxe4 13. Bd3 Bxd3 14. Qxd3 Qf6 15. Rab1 Nd7 16. Bd2 Rfe8 17. Bc3 Qd8 18. Rfe1 Qb6 19. Bxg7 Kxg7 20. Qc3+ Kg8 21. Qd2 Kg7 22. h4 Nf6 23. Qc3 Qb4 24. Qxb4 cxb4 25. Nd4 a6 26. f3 Kf8 27. Kf2 Rxe1 28. Kxe1 Rc8 29. b3 Rc5 30. Kd2 Nd7 31. Rc1 b5 32. cxb5 Rxd5 33. bxa6 Rxd4+ 34. Ke3 Rd5 35. a7 Nb6 36. Rc8+ Ke7 37. a8Q Nxa8 38. Rxa8 Rc5 39. Kd3 Rd5+ 40. Kc4 Rd2 41. Kxb4 Rxg2 42. a4 g5 43. hxg5 hxg5 44. a5 Ra2 45. a6 f5 46. a7 1-0

[Event "NATO-ch 27th"]
[Site "Shrivenham"]
[Date "2016.08.25"]
[Round "6"]
[White "Cheung, Jan W"]
[Black "Duren, Andrew"]
[Result "1-0"]
[WhiteElo "2059"]
[BlackElo "1928"]
[PlyCount "73"]
[EventDate "2016.08.22"]
[EventType "swiss"]
[EventRounds "7"]
[EventCountry "ENG"]
[SourceTitle "EXT 2018"]
[Source "ChessBase"]
[SourceDate "2017.10.13"]
[SourceVersion "1"]
[SourceVersionDate "2017.10.13"]
[SourceQuality "1"]

1. d4 Nf6 2. c4 g6 3. Nc3 Bg7 4. e4 d6 5. h3 0-0 6. Bg5 c5 7. d5 h6 8. Be3 e6 9. Nf3 exd5 10. cxd5 Re8 11. Nd2 a6 12. a4 Nbd7 13. Be2 Rb8 14. 0-0 g5 15. Re1 Ne5 16. Nf1 Bd7 17. Rb1 b5 18. axb5 axb5 19. b4 c4 20. f4 gxf4 21. Bxf4 Qc7 22. Be3 Ng6 23. Qc2 Ra8 24. Ng3 Ra3 25. Bd4 Nf4 26. Qd2 Nxe2+ 27. Rxe2 Rb3 28. Rf1 Nh7 29. Ref2 Rb2 30. Rxf7 Bxd4+ 31. Qxd4 Rxg2+ 32. Kxg2 Bxh3+ 33. Kxh3 Ng5+ 34. Kg2 Nxf7 35. Qf6 Re5 36. Qg6+ Kf8 37. Nxb5 1-0